000 00301nam a2200109 4500
999 _c10576
_d10576
008 180906b ||||| |||| 00| 0 eng d
245 _aPhl leads in internet speed increase.
260 _aPhilippines
_bThe Philippine Star
_cc2017
300 _apage B8.
650 0 _930974
_aInternet,
942 _2ddc
_cPER